000 00650nam a2200229Ia 4500
003 OSt
005 20251212151755.0
008 220917b |||||||| |||| 00| 0 eng d
037 _cTB
040 _aARTS
_cARTS
_beng
041 _2eng
_aeng
084 _aQ8413:368 L9(TB)
_qAL
100 _aBlofeld, John
_913366
245 0 _aTaoism :
_b the quest for immortality
260 _aLondon, UK:
_bUnwin Paperback,
_c1979.
300 _aix,195p. illus
_ccm.
490 _aMandala Books
500 _aAppendix 189-195p
650 _aRELIGION
_9856374
942 _hQ8413:368 L9
_cTB
_2CC
_n0
999 _c157707
_d157707